Statistics for Formula 1 2020 Laps Led

Click here to take the quiz!

General Stats

  • This quiz has been taken 260 times
  • The average score is 6 of 9

Answer Stats

Laps LedAnswer% Correct
613Lewis Hamilton
100%
188Valterri Bottas
98%
87Max Verstappen
97%
26Pierre Gasly
66%
26Sergio Perez
63%
1Alexander Albon
58%
5Carlos Sainz
54%
59George Russell
53%
32Lance Stroll
46%

Score Distribution

Percentile by Number Answered

Percent of People with Each Score

Your Score History

You have not taken this quiz